| 000 | 00385nam a22001457a 4500 | ||
|---|---|---|---|
| 020 | _a9788178844404 | ||
| 082 |
_a181.07 _bSHA/F |
||
| 100 |
_aSharif Ahmed _960348 |
||
| 245 |
_aFundamentals of Islamic philosophy/ _cby Sharif Ahmed |
||
| 260 |
_aNewdelhi: _bCyber tech, _c2009. |
||
| 300 | _a344p. | ||
| 650 |
_aIslamic Philosophy _960349 |
||
| 650 |
_aPhilosophy _960350 |
||
| 942 | _cBK | ||
| 999 |
_c139339 _d139339 |
||